000 00651nam a2200229 a 4500
001 57784
003 BD-RjUL
005 20211209080542.0
008 161211r19691968enk 000 0 eng d
035 _a(BD-RjUL)57908
040 _aGUA
_cGUA
_beng
_dBD-RjUL
041 _aeng
082 _223
_a658.542
_bCUW 1969
090 _aS562.G7
_bB750
100 _aCurrie, Russell M
_9171609
245 0 0 _aWork study /
_cRussell M Currie
260 _aLondon :
_bBritish Productivity Council,
_c1968 [Reprinted 1969]
300 _a48 p. :
_bill. ;
_c21 cm.
500 _aCover title.
650 0 _aFarm management
_zGreat Britain
_9171610
942 _2ddc
_cBK
999 _c57784
_d57784